[Event "Titled Tuesday intern op 13th Feb Late"]
[Site "Chess.com INT"]
[Date "2024.02.13"]
[Round "11"]
[White "Rios Escobar, Adan"]
[Black "Martine, Jean Christophe"]
[Result "1-0"]
[WhiteElo "2234"]
[BlackElo "1985"]
[PlyCount "91"]
[EventDate "2024.02.13"]
[EventType "swiss (blitz)"]
[EventRounds "11"]
[EventCountry "USA"]
[SourceTitle "CB08_2024"]
[SourceDate "2024.02.21"]
[SourceVersion "1"]
[SourceVersionDate "2024.02.21"]
[SourceQuality "1"]

1. d4 d5 2. Nf3 Nf6 3. g3 Bf5 4. c4 e6 5. Nc3 Be7 6. Nh4 Bg6 7. Qb3 b6 8. Nxg6 hxg6 9. cxd5 exd5 10. Bg2 c6 11. 0-0 0-0 12. Bg5 Re8 13. Bxf6 Bxf6 14. Nxd5 Rxe2 15. Nf4 Rd2 16. Rad1 Rxd4 17. Rxd4 Qxd4 18. Nxg6 Qxb2 19. Re1 Qxb3 20. Re8+ Kh7 21. Nf8+ Kh6 22. axb3 a5 23. Bxc6 Nxc6 24. Rxa8 Nd4 25. Nd7 Nxb3 26. Nxb6 Bd4 27. Nc4 Nc5 28. Rxa5 Nd3 29. Ne3 Bxe3 30. fxe3 f6 31. Rd5 Ne5 32. h3 Kg5 33. Kf2 Kf5 34. Ra5 g5 35. Ra4 Kg6 36. e4 Nf7 37. Ke3 Ne5 38. Ra8 Kf7 39. Ra7+ Ke6 40. Rh7 Kd6 41. h4 gxh4 42. gxh4 Ke6 43. h5 f5 44. Rh6+ Kf7 45. Kf4 Ng4 46. Rg6 1-0

[Event "Titled Tuesday intern op 13th Feb Late"]
[Site "Chess.com INT"]
[Date "2024.02.13"]
[Round "6"]
[White "Rios Escobar, Adan"]
[Black "Toniutti, Ezio"]
[Result "1-0"]
[WhiteElo "2234"]
[BlackElo "2204"]
[PlyCount "59"]
[EventDate "2024.02.13"]
[EventType "swiss (blitz)"]
[EventRounds "11"]
[EventCountry "USA"]
[SourceTitle "CB08_2024"]
[SourceDate "2024.02.21"]
[SourceVersion "1"]
[SourceVersionDate "2024.02.21"]
[SourceQuality "1"]

1. d4 d5 2. Nf3 Nf6 3. g3 c6 4. c4 Bf5 5. Nc3 e6 6. Nh4 Be4 7. f3 Bg6 8. Qb3 Qb6 9. Nxg6 hxg6 10. c5 Qc7 11. e4 Nbd7 12. exd5 exd5 13. Bf4 Qc8 14. 0-0-0 Be7 15. Re1 Nf8 16. h4 Nh5 17. Nxd5 cxd5 18. Bb5+ Nd7 19. Bd6 0-0 20. Bxe7 Nxg3 21. Bxf8 Nxf8 22. Rhg1 Nh5 23. Re8 Qf5 24. Rxa8 Nf4 25. Qe3 N4e6 26. Re1 Kh7 27. Bd3 Qh3 28. Rxa7 Nd7 29. Rxb7 Nf6 30. Rxf7 1-0

[Event "Titled Tuesday intern op 13th Feb Early"]
[Site "Chess.com INT"]
[Date "2024.02.13"]
[Round "4"]
[White "Rios Escobar, Adan"]
[Black "Vila Dupla, Aurelio"]
[Result "1-0"]
[WhiteElo "2234"]
[BlackElo "2042"]
[PlyCount "57"]
[EventDate "2024.02.13"]
[EventType "swiss (blitz)"]
[EventRounds "11"]
[EventCountry "USA"]
[SourceTitle "CB08_2024"]
[SourceDate "2024.02.21"]
[SourceVersion "1"]
[SourceVersionDate "2024.02.21"]
[SourceQuality "1"]

1. d4 d5 2. Nf3 c6 3. g3 Bf5 4. c4 e6 5. Nc3 h6 6. Qb3 Qb6 7. c5 Qxb3 8. axb3 Nd7 9. b4 Ngf6 10. b5 Ne4 11. bxc6 bxc6 12. Ra6 Nb8 13. Ra4 Nxc3 14. bxc3 Be4 15. Bg2 Be7 16. 0-0 a6 17. Bf4 g5 18. Be5 0-0 19. Rfa1 Rc8 20. Nd2 Bxg2 21. Kxg2 Nd7 22. Bd6 Kf8 23. Bxe7+ Kxe7 24. Rxa6 Rxa6 25. Rxa6 Rc7 26. Nb3 Nb8 27. Rb6 Nd7 28. Na5 Ra7 29. Nxc6+ 1-0

[Event "Titled Tuesday intern op 06th Feb Late"]
[Site "Chess.com INT"]
[Date "2024.02.06"]
[Round "7"]
[White "Rees, Ioan"]
[Black "Rios Escobar, Adan"]
[Result "1/2-1/2"]
[WhiteElo "2266"]
[BlackElo "2234"]
[PlyCount "81"]
[EventDate "2024.02.06"]
[EventType "swiss (blitz)"]
[EventRounds "11"]
[EventCountry "USA"]
[SourceTitle "CB07_2024"]
[SourceDate "2024.02.14"]
[SourceVersion "1"]
[SourceVersionDate "2024.02.14"]
[SourceQuality "1"]

1. Nf3 Nf6 2. c4 g6 3. d4 Bg7 4. e3 0-0 5. Be2 d5 6. cxd5 Nxd5 7. e4 Nb6 8. a4 a5 9. 0-0 Nc6 10. Be3 f5 11. exf5 gxf5 12. g3 Kh8 13. Nc3 Be6 14. Bb5 Nd5 15. Re1 f4 16. Nxd5 Bxd5 17. Bxf4 Qd7 18. Ne5 Qh3 19. Bf1 Qf5 20. Nxc6 bxc6 21. Rxe7 Bf6 22. Rxc7 Qxf4 23. gxf4 Rg8+ 24. Bg2 Bxg2 25. Rxh7+ Kxh7 26. Qh5+ Kg7 27. Kxg2 Bxd4 28. Kf3 Bf6 29. Rg1+ Kf8 30. Qc5+ Be7 31. Rxg8+ Kxg8 32. Qxe7 Rf8 33. Qe6+ Kg7 34. Qxc6 Rf7 35. Qc3+ Kg8 36. Qxa5 Kg7 37. Qg5+ Kh7 38. a5 Kh8 39. Qh5+ Kg7 40. Qxf7+ Kh8 41. a6 1/2-1/2

[Event "Titled Tuesday intern op 12th Dec Early"]
[Site "Chess.com INT"]
[Date "2023.12.12"]
[Round "7"]
[White "Fernandez Siles, Luis"]
[Black "Rios Escobar, Adan"]
[Result "0-1"]
[WhiteElo "2218"]
[BlackElo "2234"]
[PlyCount "94"]
[EventDate "2023.12.12"]
[EventType "swiss (blitz)"]
[EventRounds "11"]
[EventCountry "USA"]
[SourceTitle "CB51_2023"]
[SourceDate "2023.12.20"]
[SourceVersion "1"]
[SourceVersionDate "2023.12.20"]
[SourceQuality "1"]

1. e4 c6 2. d4 d5 3. exd5 cxd5 4. c4 Nf6 5. Nc3 Nc6 6. Bg5 Ne4 7. Nxe4 dxe4 8. d5 Ne5 9. Qd4 f6 10. Qxe4 g6 11. Bd2 Bf5 12. Qe3 Bg7 13. h3 0-0 14. g4 Bd7 15. f4 Nf7 16. Nf3 e6 17. dxe6 Bxe6 18. 0-0-0 Re8 19. Bc3 Qc7 20. Qd3 Rad8 21. Nd4 Qxf4+ 22. Kb1 Ne5 23. Qc2 Bf7 24. Be2 Nxc4 25. Rhf1 Qc7 26. Nb5 Qb6 27. Rxd8 Rxd8 28. Qa4 Ne3 29. Bd4 Rxd4 30. Qxd4 Qxd4 31. Nxd4 Nxf1 32. Bxf1 f5 33. Nb5 fxg4 34. hxg4 a6 35. Nd6 Bd5 36. Be2 Be5 37. Nc8 Kf7 38. Nb6 Be6 39. Nc4 Bf4 40. Kc2 Kf6 41. Kd3 Kg5 42. Na5 Bc8 43. Ke4 Bxg4 44. Bxg4 Kxg4 45. Nxb7 h5 46. Nc5 h4 47. Nd3 g5 0-1

[Event "Titled Tuesday intern op 12th Dec Early"]
[Site "Chess.com INT"]
[Date "2023.12.12"]
[Round "2"]
[White "Rios Escobar, Adan"]
[Black "Gazineu Neto, Rubens"]
[Result "1-0"]
[WhiteElo "2234"]
[BlackElo "1912"]
[PlyCount "53"]
[EventDate "2023.12.12"]
[EventType "swiss (blitz)"]
[EventRounds "11"]
[EventCountry "USA"]
[SourceTitle "CB51_2023"]
[SourceDate "2023.12.20"]
[SourceVersion "1"]
[SourceVersionDate "2023.12.20"]
[SourceQuality "1"]

1. Nf3 d5 2. e3 c5 3. c4 e6 4. cxd5 exd5 5. Nc3 Nf6 6. d4 Nc6 7. Be2 Bd6 8. dxc5 Bxc5 9. 0-0 0-0 10. b3 d4 11. Na4 b6 12. Nxc5 bxc5 13. Ba3 Qa5 14. Qc1 dxe3 15. Qxc5 exf2+ 16. Rxf2 Qxc5 17. Bxc5 Re8 18. Bb5 Bb7 19. Rc2 a6 20. Bc4 Ne4 21. Ba3 Rac8 22. Rf1 Nf6 23. Bb2 Nb4 24. Rd2 Rcd8 25. Rfd1 Rxd2 26. Rxd2 Re1+ 27. Nxe1 1-0

[Event "Titled Tuesday intern op 12th Sep Late"]
[Site "Chess.com INT"]
[Date "2023.09.12"]
[Round "9"]
[White "Rios Escobar, Adan"]
[Black "Blanco Diez, David"]
[Result "1-0"]
[WhiteElo "2234"]
[BlackElo "2298"]
[PlyCount "85"]
[EventDate "2023.09.12"]
[EventType "swiss (blitz)"]
[EventRounds "11"]
[EventCountry "USA"]
[SourceTitle "EXT 2024"]
[Source "ChessBase"]
[SourceDate "2023.10.10"]
[SourceVersion "1"]
[SourceVersionDate "2023.10.10"]
[SourceQuality "1"]

1. d4 Nf6 2. g3 e6 3. c4 Bb4+ 4. Nd2 0-0 5. Bg2 d5 6. Ngf3 dxc4 7. a3 Ba5 8. 0-0 c3 9. Nc4 cxb2 10. Bxb2 Bb6 11. a4 c6 12. Ba3 Re8 13. Nd6 Rf8 14. Nxc8 Qxc8 15. Bxf8 Qxf8 16. Ne5 Nbd7 17. a5 Bc7 18. Nxd7 Nxd7 19. a6 Qd6 20. axb7 Rb8 21. Rxa7 Bb6 22. Ra8 Qc7 23. Qc2 Qxb7 24. Qxc6 Qxc6 25. Bxc6 Rxa8 26. Bxa8 Kf8 27. e3 Ke7 28. Rb1 Bc7 29. Bc6 Nb6 30. h4 Kd6 31. Be4 f5 32. Bf3 e5 33. dxe5+ Kxe5 34. Rb5+ Ke6 35. Rc5 Bd6 36. Rc6 Nd7 37. Kg2 Ne5 38. Ra6 Nd3 39. Kf1 Ne5 40. Ke2 Nc4 41. Ra2 Ne5 42. Rd2 Nc4 43. Bd5+ 1-0

[Event "Titled Tuesday intern op 12th Sep Late"]
[Site "Chess.com INT"]
[Date "2023.09.12"]
[Round "4"]
[White "Rios Escobar, Adan"]
[Black "Domingo Nunez, Ruben"]
[Result "0-1"]
[WhiteElo "2234"]
[BlackElo "2417"]
[PlyCount "86"]
[EventDate "2023.09.12"]
[EventType "swiss (blitz)"]
[EventRounds "11"]
[EventCountry "USA"]
[SourceTitle "EXT 2024"]
[Source "ChessBase"]
[SourceDate "2023.10.10"]
[SourceVersion "1"]
[SourceVersionDate "2023.10.10"]
[SourceQuality "1"]

1. d4 g6 2. g3 Bg7 3. Bg2 d6 4. e4 Nd7 5. Ne2 e5 6. c3 h5 7. h3 c6 8. a4 Qe7 9. Be3 Ngf6 10. a5 exd4 11. Qxd4 0-0 12. Nd2 Nc5 13. e5 Qxe5 14. Qxe5 Nd3+ 15. Kf1 Nxe5 16. a6 Nd5 17. Bd4 b6 18. Ne4 Rd8 19. Kg1 Rb8 20. Kh2 c5 21. Bxe5 Bxe5 22. Rhd1 Nc7 23. f4 Bg7 24. Nxd6 Bxa6 25. Ng1 h4 26. g4 Bh6 27. g5 Bf8 28. Nf3 Bxd6 29. Nxh4 Bxf4+ 30. Kh1 Bxg5 31. Nf3 Rxd1+ 32. Rxd1 Rd8 33. Ra1 Bf6 34. Nh2 Rd2 35. Ng4 Kg7 36. Rf1 Bxf1 37. Bxf1 Rxb2 38. c4 a5 39. h4 a4 40. h5 gxh5 41. Ne3 a3 42. Nf5+ Kf8 43. Ne3 a2 0-1

[Event "Titled Tuesday intern op 05th Sep Early"]
[Site "Chess.com INT"]
[Date "2023.09.05"]
[Round "7"]
[White "Edisherashvili, Alexandre"]
[Black "Rios Escobar, Adan"]
[Result "0-1"]
[WhiteElo "1997"]
[BlackElo "2234"]
[PlyCount "64"]
[EventDate "2023.09.05"]
[EventType "swiss (blitz)"]
[EventRounds "11"]
[EventCountry "USA"]
[SourceTitle "EXT 2024"]
[Source "ChessBase"]
[SourceDate "2023.10.10"]
[SourceVersion "1"]
[SourceVersionDate "2023.10.10"]
[SourceQuality "1"]

1. e4 c5 2. Nf3 d6 3. Nc3 Nf6 4. d4 cxd4 5. Nxd4 a6 6. h3 e5 7. Nde2 h5 8. g3 Be7 9. Bg2 Be6 10. 0-0 Nbd7 11. a4 Rc8 12. Be3 Nb6 13. b3 d5 14. Bxb6 Qxb6 15. Nxd5 Nxd5 16. exd5 Bd7 17. c4 f5 18. a5 Qd6 19. Nc3 h4 20. g4 fxg4 21. hxg4 h3 22. Bf3 0-0 23. Kh1 e4 24. Bxe4 Qe5 25. Qd2 Rf3 26. d6 Rxc3 27. dxe7 Qxe4+ 28. f3 Rxf3 29. Rxf3 Qxf3+ 30. Kh2 Bc6 31. Re1 Re8 32. Rg1 Rxe7 0-1

[Event "Titled Tuesday intern op 05th Sep Late"]
[Site "Chess.com INT"]
[Date "2023.09.05"]
[Round "3"]
[White "Kamsky, Gata"]
[Black "Rios Escobar, Adan"]
[Result "1-0"]
[WhiteElo "2641"]
[BlackElo "2234"]
[PlyCount "93"]
[EventDate "2023.09.05"]
[EventType "swiss (blitz)"]
[EventRounds "11"]
[EventCountry "USA"]
[SourceTitle "EXT 2024"]
[Source "ChessBase"]
[SourceDate "2023.10.10"]
[SourceVersion "1"]
[SourceVersionDate "2023.10.10"]
[SourceQuality "1"]

1. d4 Nf6 2. Bf4 b6 3. e3 Bb7 4. Nf3 g6 5. h3 Bg7 6. c3 d6 7. a4 a5 8. Bb5+ Nbd7 9. Nbd2 0-0 10. 0-0 Ne4 11. Re1 e6 12. Nxe4 Bxe4 13. Nd2 Bb7 14. e4 e5 15. Be3 Qe7 16. Qb3 Kh8 17. Rad1 f5 18. Bxd7 Qxd7 19. dxe5 Bxe5 20. Bd4 Bxd4 21. cxd4 fxe4 22. d5 Qf5 23. Nxe4 Rae8 24. f3 Re5 25. Qc3 Kg8 26. Qxc7 Bxd5 27. Qxb6 Bxe4 28. Rxe4 Rxe4 29. fxe4 Qxe4 30. Qxa5 Rf5 31. Qd8+ Kg7 32. Qc7+ Kh6 33. a5 Qe3+ 34. Kh1 d5 35. a6 Qe2 36. Qc1+ Kg7 37. a7 Rf8 38. Qc3+ Kh6 39. Rxd5 Qf1+ 40. Kh2 Qf4+ 41. Qg3 Qa4 42. Qh4+ Kg7 43. Qe7+ Rf7 44. Qe5+ Kh6 45. Ra5 Qd1 46. a8Q Rf1 47. Qg5+ 1-0

[Event "Titled Tuesday intern op 05th Sep Late"]
[Site "Chess.com INT"]
[Date "2023.09.05"]
[Round "4"]
[White "Mendez Fortes, Eduardo Jesus"]
[Black "Rios Escobar, Adan"]
[Result "1-0"]
[WhiteElo "2231"]
[BlackElo "2234"]
[PlyCount "133"]
[EventDate "2023.09.05"]
[EventType "swiss (blitz)"]
[EventRounds "11"]
[EventCountry "USA"]
[SourceTitle "EXT 2024"]
[Source "ChessBase"]
[SourceDate "2023.10.10"]
[SourceVersion "1"]
[SourceVersionDate "2023.10.10"]
[SourceQuality "1"]

1. e4 c5 2. Nf3 d6 3. d4 cxd4 4. Nxd4 Nf6 5. Nc3 a6 6. Bg5 Nbd7 7. Bc4 Qb6 8. Bb3 e6 9. Qd2 Qc7 10. 0-0-0 b5 11. a3 Nc5 12. f3 Nxb3+ 13. cxb3 Be7 14. Kb1 Bb7 15. g4 0-0-0 16. Rc1 Kb8 17. Ncxb5 Qb6 18. Nc3 Rd7 19. Be3 Qa5 20. b4 Qd8 21. b5 axb5 22. Ndxb5 d5 23. Bf4+ Ka8 24. Qd4 Qa5 25. e5 Ne8 26. Bd2 Qa6 27. a4 Nc7 28. Nxc7+ Rxc7 29. Nb5 Rxc1+ 30. Rxc1 Kb8 31. Bb4 Bxb4 32. Qxb4 Rc8 33. Rxc8+ Bxc8 34. Nd6+ Kc7 35. Qc5+ Kd7 36. Qxc8+ Qxc8 37. Nxc8 Kxc8 38. b4 Kb7 39. Kc2 g5 40. Kd3 Kc6 41. Kd4 h6 42. Ke3 Kb6 43. f4 Kc6 44. Kf3 Kb6 45. Ke3 Kc6 46. fxg5 hxg5 47. Kd4 Kb6 48. b5 Kb7 49. Kc5 Kc7 50. a5 Kb7 51. h3 Kc7 52. a6 Kb8 53. b6 Kc8 54. Kc6 d4 55. a7 Kd8 56. a8Q+ Ke7 57. Qa3+ Ke8 58. b7 f6 59. b8Q+ Kf7 60. Qaa7+ Kg6 61. Qg8+ Kh6 62. exf6 d3 63. f7 d2 64. Qh8+ Kg6 65. Qg8+ Kf6 66. f8Q+ Ke5 67. Qe3# 1-0

[Event "Titled Tuesday intern op 05th Sep Early"]
[Site "Chess.com INT"]
[Date "2023.09.05"]
[Round "6"]
[White "Nagare, Kaivalya Sandip"]
[Black "Rios Escobar, Adan"]
[Result "1/2-1/2"]
[WhiteElo "2095"]
[BlackElo "2234"]
[PlyCount "159"]
[EventDate "2023.09.05"]
[EventType "swiss (blitz)"]
[EventRounds "11"]
[EventCountry "USA"]
[SourceTitle "EXT 2024"]
[Source "ChessBase"]
[SourceDate "2023.10.10"]
[SourceVersion "1"]
[SourceVersionDate "2023.10.10"]
[SourceQuality "1"]

1. e4 c5 2. Nf3 d6 3. Nc3 a6 4. d3 g6 5. g3 Bg7 6. Bg2 Nc6 7. 0-0 e6 8. Ne2 Nge7 9. c3 0-0 10. Be3 b5 11. Qd2 Bb7 12. Bh6 Rc8 13. Rad1 Qc7 14. h4 Rfd8 15. h5 d5 16. hxg6 hxg6 17. Bxg7 Kxg7 18. exd5 Rxd5 19. Nf4 Rf5 20. Rfe1 Rh8 21. Rxe6 Rxf4 22. Rxe7 Nxe7 23. Qxf4 Qxf4 24. gxf4 Bxf3 25. Bxf3 Rh4 26. Re1 Rxf4 27. Bg2 Nf5 28. Re8 Nh4 29. Kf1 Nxg2 30. Kxg2 Ra4 31. a3 b4 32. axb4 cxb4 33. c4 Ra2 34. Re2 Ra1 35. Rc2 Rd1 36. c5 Rxd3 37. c6 Rd8 38. Kf3 Kf6 39. Ke4 Ke6 40. c7 Rc8 41. Rc6+ Kd7 42. Rxa6 Rxc7 43. Rb6 Rc2 44. Rxb4 Rxf2 45. Ke3 Rf1 46. Rb8 g5 47. b4 g4 48. b5 f5 49. Ke2 Rf4 50. b6 g3 51. Rg8 Rf2+ 52. Ke1 Rb2 53. Rg7+ Ke6 54. Rxg3 Ke5 55. Rg6 Ke4 56. Kd1 f4 57. Kc1 Rb5 58. Kc2 Ke3 59. Kc3 f3 60. Kc4 Rb1 61. Re6+ Kd2 62. Rd6+ Ke2 63. Re6+ Kf1 64. Kc5 f2 65. Rf6 Ke1 66. Re6+ Kd2 67. Rd6+ Kc3 68. Rf6 f1Q 69. Rxf1 Rxf1 70. b7 Rf8 71. Kc6 Kc4 72. Kc7 Rf7+ 73. Kb6 Rf8 74. Kc7 Kc5 75. b8Q Rf7+ 76. Kc8 Rf8+ 77. Kc7 Rf7+ 78. Kc8 Rf8+ 79. Kb7 Rxb8+ 80. Kxb8 1/2-1/2

[Event "Titled Tuesday intern op 05th Sep Late"]
[Site "Chess.com INT"]
[Date "2023.09.05"]
[Round "11"]
[White "Rios Escobar, Adan"]
[Black "Denishev, Marat"]
[Result "0-1"]
[WhiteElo "2234"]
[BlackElo "2172"]
[PlyCount "160"]
[EventDate "2023.09.05"]
[EventType "swiss (blitz)"]
[EventRounds "11"]
[EventCountry "USA"]
[SourceTitle "EXT 2024"]
[Source "ChessBase"]
[SourceDate "2023.10.10"]
[SourceVersion "1"]
[SourceVersionDate "2023.10.10"]
[SourceQuality "1"]

1. d4 Nf6 2. g3 e6 3. c4 d5 4. Nf3 Be7 5. Bg2 0-0 6. 0-0 dxc4 7. Qc2 a6 8. a4 Bd7 9. Rd1 Bc6 10. Nc3 Nbd7 11. e4 Nb6 12. a5 Nc8 13. d5 exd5 14. e5 Ne8 15. h4 b5 16. Nxd5 Bxd5 17. Ng5 Bxg5 18. Rxd5 Qe7 19. Bxg5 Qe6 20. Rad1 Rb8 21. Kh2 Ne7 22. Bh3 Qxd5 23. Rxd5 Nxd5 24. e6 f6 25. Bd2 Nd6 26. f4 f5 27. Bg2 Ne7 28. Bb4 Rbd8 29. Qe2 Rf6 30. Qe5 h5 31. Kh3 Rg6 32. Bf3 Rh6 33. Kh2 Nec8 34. e7 Re8 35. Bd5+ Kh7 36. Be6 Nxe7 37. Bxd6 cxd6 38. Qxd6 Nc8 39. Bxf5+ Kh8 40. Qd7 Nd6 41. Bb1 Rf6 42. Kh3 Ref8 43. Qe7 Nf5 44. Bxf5 Rxf5 45. Qe6 R5f6 46. Qe5 g6 47. g4 hxg4+ 48. Kxg4 Kh7 49. Qe7+ R8f7 50. Qe8 Rxf4+ 51. Kg3 Rf3+ 52. Kg2 Rf2+ 53. Kg3 R7f3+ 54. Kg4 Rf8 55. Qe7+ Kg8 56. Qe6+ Kg7 57. Qxa6 Rxb2 58. Qb7+ Rf7 59. Qd5 Ra2 60. Qe5+ Kh7 61. Qxb5 c3 62. Qc4 Rg2+ 63. Kh3 Rgf2 64. Kg3 c2 65. a6 R7f3+ 66. Kg4 Rf4+ 67. Qxf4 Rxf4+ 68. Kxf4 c1Q+ 69. Kg4 Qa3 70. a7 Qxa7 71. h5 gxh5+ 72. Kxh5 Qg7 73. Kh4 Qg6 74. Kh3 Qg5 75. Kh2 Qg4 76. Kh1 Kg6 77. Kh2 Kf5 78. Kh1 Kf4 79. Kh2 Kf3 80. Kh1 Qg2# 0-1